000 00431nam a2200145 4500
008 01991 1991 0a 000 0MEX
020 _a968-24-3330-4
050 _aHF5549 5 I6 M34
082 _a658.311.2 M315e
100 _aMaddux, Roberto
245 _aEntrevistas efectivas / Robert Maddux
260 _aMéxico : Trillas
300 _a83 p. / 26 cm.
650 _a1.ADMINISTRACION \ 2.PERSONAL-DIRECCION \ 3.ENTREVISTAS
999 _c12532
_d12532